| 000 | 00600nam a2200217 a 4500 | ||
|---|---|---|---|
| 001 | 54720 | ||
| 003 | BD-RjUL | ||
| 005 | 20211209080148.0 | ||
| 008 | 161109s1977 bg a | 001 0 eng d | ||
| 035 | _a(BD-RjUL)54842 | ||
| 040 |
_aBD-RjUL _beng _cBD-RjUL _dBD-RjUL |
||
| 041 | _aeng | ||
| 082 |
_223 _a781 _bMUO 1977 |
||
| 100 | 1 |
_aMustafa, M. N. _9163154 |
|
| 245 | 1 | 4 |
_aOur music : _ba historical study / _cM.N. Mustafa |
| 260 |
_aChittagong : _bBegum Bula Mustafa, _c1977. |
||
| 300 |
_a200 p. : _bill. ; _c23 cm. |
||
| 500 | _aIncludes index | ||
| 650 | 0 |
_aMusic _zIndia _9163155 |
|
| 942 |
_2ddc _cBK |
||
| 999 |
_c54720 _d54720 |
||